Statistiques concernant QUIZ-Capitales d'Europe avec les noms des pays

Cliquez ici pour prendre le quiz!

Statistiques générales

  • Ce quiz a été pris 76 fois
  • Le résultat moyen est 37 sur 45

Statistiques - réponses

PaysCapitales% Correct
FranceParis
98%
AllemagneBerlin
97%
Royaume-UniLondres
97%
MonacoMonaco
97%
ItalieRome
97%
BelgiqueBruxelles
95%
EspagneMadrid
95%
GrèceAthènes
94%
IrlandeDublin
94%
PortugalLisbonne
94%
LuxembourgLuxembourg
94%
NorvègeOslo
94%
AutricheVienne
94%
Pays-BasAmsterdam
92%
FinlandeHelsinki
92%
SuisseBerne
89%
RoumanieBucarest
89%
HongrieBudapest
89%
RussieMoscou
89%
SuèdeStockholm
89%
VaticanVatican
89%
DanemarkCopenhague
85%
UkraineKiev
85%
MalteLa Valette
82%
PologneVarsovie
82%
République tchèquePrague
81%
Saint-MarinSaint-Marin
81%
EstonieTallinn
81%
CroatieZagreb
81%
AndorreAndorre-la-Vieille
77%
LettonieRiga
77%
BulgarieSofia
77%
LituanieVilnius
77%
IslandeReykjavik
76%
BiélorussieMinsk
71%
Bosnie-HerzégovineSarajevo
71%
AlbanieTirana
71%
LiechtensteinVaduz
69%
SlovénieLjubljana
61%
SerbieBelgrade
60%
SlovaquieBratislava
58%
MonténégroPodgorica
58%
MoldavieChisinau
56%
Macédoine du NordSkopje
56%
KosovoPristina
55%

Distribution des résultats

Percentile par nombre de réponses

% des personnes avec chaque résultat

Votre développement - résultats

Vous n’avez pas pris ce quiz